000 00460pab a2200157 454500
008 180718b2000 xxu||||| |||| 00| 0 eng d
100 _aMazumdar, Madhusree
245 _aEnvironmental impact assessment in India
260 _c2000
300 _ap.95-112
362 _aJan-Jun 2000
650 _aEnvironmental impact assessment - India
650 _aEnvironmental impact assessment
773 _aJournal of Social and Economic Development
909 _a45127
999 _c45127
_d45127